000 00458nam a2200157 i 4500
001 27167
003 ES-MaACL
005 20230906153554.0
007 t|
008 030113s1965 pn ||||1| spa d
100 1 _aAzanza, Jerónimo.
_924222
245 1 3 _aEl tierno drama de Belén /
_cJerónimo Azanza.
260 _aPanamá :
_bUniversidad, Facultad de Filosofía y Letras,
_c[1965]
300 _a158 p. ;
_c21 cm.
852 _aES-MaACL
_jC-28277
_bR.57512
999 _c27167
_d27167